000 00435nam a2200157 a 4500
005 20210219161957.0
008 080922s1952 mx r 000 0 spa d
035 _aUPN01000195465
049 _aUNE
080 _aDO 341.16: 001 (093.2) 1952 ACT 7a.
111 2 _aUNESCO. Conferencia General
_n(7a :
_d1952 :
_cParís)
245 1 0 _aActas de los debates
260 _aParís :
_bUNESCO,
_c1952.
300 _a1003 p.
905 _aUNESCO
999 _c167566
_d167566